Developing the new capitalism in Eastern Europe - how the West can help.

Sumarizovanie situácie vo vých. a záp. Európe a obsah výzvy, ktorú uplatňujú politickí poradcovia na obidvoch stranách pri novom kapitalizme. Skúmanie ekonomických a obchodných skúseností racionalizovaných v ekonomických a riadiacich koncepciách. Možnosti dlhodobej spolupráce integrovanej do polit.-...

ver descrição completa

Na minha lista:
Detalhes bibliográficos
Autor principal: Auerbach, P.
Outros Autores: Stone, M.
Formato: Capítulo de Livro
Idioma:inglês
Assuntos:
Tags: Adicionar Tag
Sem tags, seja o primeiro a adicionar uma tag!

MARC

LEADER 00000naa a2200000 4500
001 r005809
005 20221213085142.8
041 0 |a eng 
044 |a GB 
245 1 0 |a Developing the new capitalism in Eastern Europe - how the West can help.  |c P. Auerbach, M. Stone 
520 |a Sumarizovanie situácie vo vých. a záp. Európe a obsah výzvy, ktorú uplatňujú politickí poradcovia na obidvoch stranách pri novom kapitalizme. Skúmanie ekonomických a obchodných skúseností racionalizovaných v ekonomických a riadiacich koncepciách. Možnosti dlhodobej spolupráce integrovanej do polit.-sociálnej a ekonomickej oblasti. 
610 2 0 |a kapitalizmus 
610 2 0 |a reformy hospodárske 
610 2 0 |a podnik štátny 
610 2 0 |a západná Európa 
610 2 0 |a východná Európa 
610 2 0 |a spolupráca hospodárska medzinárodná 
100 1 |a Auerbach, P. 
700 1 |a Stone, M.